I am... life is... : (Record no. 144250)

MARC details
000 -LEADER
fixed length control field 00558nam a22001817a 4500
010 ## - LCCN (DPL NO)
LC control number ENG-120529
020 ## - INTERNATIONAL STANDARD BOOK NUMBER
International Standard Book Number 9788184621297
Terms of availability 250.00
035 ## - SYSTEM CONTROL NUMBER
System control number EN-104061
037 ## - SOURCE OF ACQUISITION
Source of stock number/acquisition DBAD/PUB
082 ## - DEWEY DECIMAL CLASSIFICATION NUMBER
Classification number 158.1
100 ## - MAIN ENTRY--PERSONAL NAME
Personal name Khanna, Ashu
245 ## - TITLE STATEMENT
Title I am... life is... :
Remainder of title live life with mastery /
Statement of responsibility, etc by Ashu Khanna
260 ## - PUBLICATION, DISTRIBUTION, ETC. (IMPRINT)
Place of publication, distribution, etc Mumbai
Name of publisher, distributor, etc Vakils, Feffer and Simons Pvt.
Date of publication, distribution, etc 2016
270 ## - ADDRESS
Address Industry Manor, Appasaheb Marathe Marg, Prabhadevi,
City Mumbai
Postal code 400025
300 ## - PHYSICAL DESCRIPTION
Extent 126p.
Other physical details 22cm(pbk).
500 ## - GENERAL NOTE
General note
942 ## - ADDED ENTRY ELEMENTS (KOHA)
Source of classification or shelving scheme Dewey Decimal Classification
Item type English Books
Classification part 158.1
Call number suffix KHA
Holdings
Withdrawn status Lost status Not for loan Collection code Home library Current library Date acquired Source of acquisition Cost, normal purchase price Full call number Barcode Copy number Cost, replacement price Koha item type
      Non-fiction Shahdara Branch Shahdara Branch 11/09/2017 DBAD/PUB 250.00 158.1 KHA EN-104061 1 250.00 English Books

© Delhi Public Library
Hit Counter
free hit counter